| 000 | 00895cam a2200265 a 4500 | ||
|---|---|---|---|
| 999 |
_c128564 _d128564 |
||
| 001 | 3834451 | ||
| 003 | ARRUPE | ||
| 005 | 20181114095153.0 | ||
| 008 | 870925s1986 enk b 001 0 eng | ||
| 010 | _a 86211860 | ||
| 020 |
_a0860911292 : _c£18.95 ($24.95 U.S.) |
||
| 020 | _a0860918602 (pbk.) | ||
| 040 |
_aDLC _cDLC _dDLC |
||
| 050 | 0 | 0 |
_aB841.4 _b.M567 1986 |
| 082 | 0 | 0 |
_a149/.96 _219 |
| 100 | 1 |
_aMerquior, José Guilherme. _943439 |
|
| 245 | 1 | 0 |
_aFrom Prague to Paris : _ba critique of structuralist and post-structuralist thought / _cJ.G. Merquior. |
| 260 |
_aLondon : _bVerso, _c1986. |
||
| 300 |
_axi, 286 p. ; _c22 cm. |
||
| 500 | _aIncludes index. | ||
| 504 | _aBibliography: p. [261]-276. | ||
| 650 | 0 |
_aStructuralism _xHistory. _921413 |
|
| 906 |
_a7 _bcbc _corignew _d3 _encip _f19 _gy-gencatlg |
||
| 942 |
_2lcc _cMONOGRAPH |
||